000 00295nam a22001097a 4500
008 230703b xxu||||| |||| 00| 0 eng d
082 _a364.13
_bSTI 1976
245 _aLetters from Salisbury Prison
260 _aNairobi
_bTransafrica Book Distributors
_c1976
300 _aVII,186p
942 _2ddc
_cBK
999 _c3183
_d3183